La situación de las mujeres en Centroamérica: una evaluación en el umbral del siglo XXI /

Gespeichert in:
Bibliographische Detailangaben
1. Verfasser: García Quesada, Ana Isabel
Format: Unbekannt
Veröffentlicht: San José: Fundación Género y Sociedad (GESO)
Schlagworte:
Tags: Tag hinzufügen
Keine Tags, Fügen Sie den ersten Tag hinzu!

MARC

LEADER 00000 a2200000 04500
001 11433
003
008 991231s d
040
090 |a 139409  
100 |a García Quesada, Ana Isabel  
245 |a La situación de las mujeres en Centroamérica: una evaluación en el umbral del siglo XXI /  |c Ana Isabel García Quesada 
260 |a San José:   |b Fundación Género y Sociedad (GESO)  
300 |a 234 p.  
650 |a MUJERES  
650 |a SALUD  
650 |a DERECHOS HUMANOS  
650 |a CONDICIONES DE SALUD  
650 |a ENFERMEDADES  
650 |a ABORTO  
650 |a SIDA  
650 |a ESTERILIZACION  
999 |c 6608  |d 6608